<?xml version="1.0" encoding="UTF-8"?>
<record
    xmlns:xsi="http://www.w3.org/2001/XMLSchema-instance"
    xsi:schemaLocation="http://www.loc.gov/MARC21/slim http://www.loc.gov/standards/marcxml/schema/MARC21slim.xsd"
    xmlns="http://www.loc.gov/MARC21/slim">

  <leader>01738nam a2200313Ia 4500</leader>
  <controlfield tag="001">C0719</controlfield>
  <controlfield tag="003">IT-RoPAU</controlfield>
  <controlfield tag="008">130308s9999    xx            000 0 und d</controlfield>
  <datafield tag="040" ind1=" " ind2=" ">
    <subfield code="a">IT-RoPAU</subfield>
  </datafield>
  <datafield tag="040" ind1=" " ind2=" ">
    <subfield code="c">IT-RoPAU</subfield>
  </datafield>
  <datafield tag="041" ind1=" " ind2=" ">
    <subfield code="a">ITALIANO</subfield>
  </datafield>
  <datafield tag="100" ind1=" " ind2=" ">
    <subfield code="a">Bazin Germain</subfield>
  </datafield>
  <datafield tag="100" ind1=" " ind2=" ">
    <subfield code="g">Codice Aut. SPICS: 10125</subfield>
  </datafield>
  <datafield tag="240" ind1=" " ind2=" ">
    <subfield code="a">HISTOIRE DE L'HISTOIRE DE L'ART. DE VASARI a NOS JOURS</subfield>
  </datafield>
  <datafield tag="240" ind1=" " ind2=" ">
    <subfield code="g">Codice Tit. Orig. Spics: T2751</subfield>
  </datafield>
  <datafield tag="245" ind1=" " ind2=" ">
    <subfield code="a">Storia della storia dell'arte. da Vasari ai nostri giorni</subfield>
  </datafield>
  <datafield tag="245" ind1=" " ind2=" ">
    <subfield code="b">Storia della storia dell'arte . da Vasari Ai Nostri Giorni</subfield>
  </datafield>
  <datafield tag="250" ind1=" " ind2=" ">
    <subfield code="a">1a ed.</subfield>
  </datafield>
  <datafield tag="260" ind1=" " ind2=" ">
    <subfield code="a">NAPOLI</subfield>
  </datafield>
  <datafield tag="260" ind1=" " ind2=" ">
    <subfield code="b">Guida</subfield>
  </datafield>
  <datafield tag="260" ind1=" " ind2=" ">
    <subfield code="c">1993 [1&#xB0; Ed.:1993 - Ed.Ling.Originale:1986]</subfield>
  </datafield>
  <datafield tag="300" ind1=" " ind2=" ">
    <subfield code="a">"728 p. (prefazione: no ; testo: 728 [pagine: 0-0])"</subfield>
  </datafield>
  <datafield tag="500" ind1=" " ind2=" ">
    <subfield code="a">Arti meccaniche e Arti Liberali. Alba della Storia dell'arte  nel Quattrocento. Predecessori di Vasari. Emuli di Vasari. Manierismo, Accademismo e Classicismo. Recupero del Gotico. Nascita della Critica d'arte . Dalla Storia dell'arte  Alla Scienza dell'arte : Nascita dell'Archeologia Nazionale e del gusto per I primitivi nel nord dell'Europa, Seduzioni del Determinismo, Rinascimento Ritrovato e Perduto, Scuola di Vienna, Pura Visibilit&#xE0; e Vita delle Forme, Iconografia e Iconologia, Psicologia e Psicanalisi, Recuperi del Determinismo e del Formalismo, ritorno al Capolavoro. vie e Mezzi: Sapere Enciclopedico, Rivoluzione nel Mondo delle Immagini, Aiuto della Scienza. Territori: Italia, Spagna, Portogallo, America Latina, Francia, paesi Bassi, Inghilterra, paesi Germanici e Stati Uniti. Lungi Il Filo del Tempo.</subfield>
  </datafield>
  <datafield tag="650" ind1=" " ind2=" ">
    <subfield code="a">ENCICLOPEDIE DI ESTETOLOGIA</subfield>
  </datafield>
  <datafield tag="650" ind1=" " ind2=" ">
    <subfield code="e">Codice materia Spics: 5101</subfield>
  </datafield>
  <datafield tag="942" ind1=" " ind2=" ">
    <subfield code="c">BK</subfield>
  </datafield>
  <datafield tag="957" ind1=" " ind2=" ">
    <subfield code="7">1</subfield>
  </datafield>
  <datafield tag="999" ind1=" " ind2=" ">
    <subfield code="c">90965</subfield>
    <subfield code="d">90965</subfield>
  </datafield>
  <datafield tag="999" ind1=" " ind2=" ">
    <subfield code="g">1</subfield>
  </datafield>
  <datafield tag="952" ind1=" " ind2=" ">
    <subfield code="0">0</subfield>
    <subfield code="1">0</subfield>
    <subfield code="4">0</subfield>
    <subfield code="6">C_000000000000000_0719</subfield>
    <subfield code="7">1</subfield>
    <subfield code="a">SPICS</subfield>
    <subfield code="b">SPICS</subfield>
    <subfield code="d">2013-03-08</subfield>
    <subfield code="l">0</subfield>
    <subfield code="o">C0719</subfield>
    <subfield code="r">2013-03-08 00:00:00</subfield>
    <subfield code="w">2013-03-08</subfield>
    <subfield code="y">BK</subfield>
    <subfield code="z">Progressivo inserimento:  22798 /  N. Volumi: 1 Copie: 1  / data import: 1 marzo 2013 - By Epidotti, Trombetti, Vaglietti. </subfield>
  </datafield>
</record>
